Economic anthropology : (Record no. 51803)
[ view plain ]
| 000 -LEADER | |
|---|---|
| fixed length control field | 00981nam a2200265 a 4500 |
| 001 - CONTROL NUMBER | |
| control field | 51803 |
| 003 - CONTROL NUMBER IDENTIFIER | |
| rucl marc code | BD-RjUL |
| 005 - DATE AND TIME OF LATEST TRANSACTION | |
| control field | 20211209075720.0 |
| 008 - FIXED-LENGTH DATA ELEMENTS--GENERAL INFORMATION | |
| fixed length control field | 160904t19651952ii ab b 001 0 eng d |
| 035 ## - SYSTEM CONTROL NUMBER | |
| System control number | (BD-RjUL)51923 |
| 040 ## - CATALOGING SOURCE | |
| Original cataloging agency | VIC |
| Transcribing agency | VIC |
| Modifying agency | BD-RjUL |
| Language of cataloging | eng |
| 041 ## - LANGUAGE CODE | |
| Language code of text/sound track or separate title | eng |
| 082 ## - DEWEY DECIMAL CLASSIFICATION NUMBER | |
| Edition number | 23 |
| Author mark and year | HEE 1965 |
| Classification number | 306.3 |
| 100 1# - MAIN ENTRY--PERSONAL NAME | |
| Personal name | Herskovits, Melville J. |
| Fuller form of name | (Melville Jean), |
| Dates associated with a name | 1895-1963. |
| 9 (RLIN) | 154965 |
| 245 10 - TITLE STATEMENT | |
| Title | Economic anthropology : |
| Remainder of title | the economic life of primitive peoples / |
| Statement of responsibility, etc. | Melville J. Herskovits. |
| 260 ## - PUBLICATION, DISTRIBUTION, ETC. (IMPRINT) | |
| Place of publication, distribution, etc. | New Delhi : |
| Name of publisher, distributor, etc. | Eurasia Pub. House (p) Ltd., |
| Date of publication, distribution, etc. | c1965 |
| 300 ## - PHYSICAL DESCRIPTION | |
| Pagination | xiii, 547, xxiii p. : |
| Illustrations | ill. ; |
| Size | 20 cm. |
| 490 1# - SERIES STATEMENT | |
| Series statement | The Norton library ; |
| Volume/sequential designation | N309 |
| 500 ## - GENERAL NOTE | |
| General note | A thorough revision, 1952, of the author's The economic life of primitive peoples (1940) |
| 504 ## - BIBLIOGRAPHY, ETC. NOTE | |
| Bibliography, etc | Includes index and Bibliography: p. 533-547. |
| 650 #0 - SUBJECT ADDED ENTRY--TOPICAL TERM | |
| Topical term or geographic name as entry element | Economic anthropology. |
| 9 (RLIN) | 132097 |
| Topical term or geographic name as entry element | Industries, Primitive. |
| 9 (RLIN) | 154966 |
| 830 #0 - SERIES ADDED ENTRY--UNIFORM TITLE | |
| Uniform title | Norton library ; |
| Volume number/sequential designation | N309. |
| 942 ## - ADDED ENTRY ELEMENTS (KOHA) | |
| Source of classification or shelving scheme | Dewey Decimal Classification |
| Koha item type | Books |
| Lost status | Source of classification or shelving scheme | Damaged status | Not for loan | Collection code | Permanent Location | Current Location | Shelving location | Date acquired | Source of acquisition | Total Checkouts | Full call number | Date last seen | Copy number | Koha item type |
|---|---|---|---|---|---|---|---|---|---|---|---|---|---|---|
| Dewey Decimal Classification | Non-fiction | Central Library, University of Rajshahi | Central Library, University of Rajshahi | 06/07/1976 | USIS | 306.3 HEE 1965 | 04/09/2016 | C-2 | Books | |||||
| Dewey Decimal Classification | Non-fiction | Central Library, University of Rajshahi | Central Library, University of Rajshahi | 18/06/1980 | P. R. O, R. U. | 306.3 HEE 1974 | 24/11/2016 | C-3 | Books | |||||
| Dewey Decimal Classification | Not For Loan | Non-fiction | Central Library, University of Rajshahi | Central Library, University of Rajshahi | Reading Room | 06/07/1976 | USIS | 306.3 HEE 1974 | 26/12/2016 | C-1 | Books |